[Event "Fide Mercenarios 6th"]
[Site "MEX"]
[Date "1995.??.??"]
[Round "2"]
[White "Bernal, Carlos"]
[Black "Soto Franco, Carlos"]
[Result "1-0"]
[WhiteElo "2000"]
[BlackElo "2000"]

1.e4 c5 2.c3 Nf6 3.e5 Nd5 4.d4 e6 5.Nf3 cxd4 6.cxd4 Nc6 7.a3 Qa5+ 8.Bd2 Qb6
9.Bc4 Qxb2 10.Bxd5 exd5 11.Nc3 Be7 12.Rb1 Qxa3 13.Nb5 Qd3 14.Nc7+ Kf8 15.Nxa8 Nxd4
16.Nxd4 Qxd4 17.O-O Qxe5 18.Rc1  1-0

[Event "Fide Mercenarios 4th"]
[Site "MEX"]
[Date "1995.??.??"]
[Round "11"]
[White "Gonzalez, Roberto"]
[Black "Araiza Nieto, Victor Fernando"]
[Result "1-0"]
[WhiteElo "2200"]
[BlackElo "2005"]

1.e4 c5 2.c3 Nf6 3.e5 Nd5 4.Nf3 Nc6 5.d4 cxd4 6.cxd4 e6 7.Bd3 Qb6 8.O-O Nxd4
9.Ng5 h6 10.Qh5 hxg5 11.Qxh8 Nb4 12.Qh7 g6 13.Bxg6 fxg6 14.Qxg6+ Kd8 15.Bxg5+ Kc7
16.Nc3 Nbc6 17.Qe8 Bg7 18.Rac1 Kb8 19.Na4 Qb5 20.Nc5 Ne2+ 21.Kh1 Nxc1 22.Rxc1 Kc7
23.Bd8+ Nxd8 24.Nxe6+ Kb6 25.Qxd8+  1-0

[Event "Mitropa Cup"]
[Site "?"]
[Date "1995.??.??"]
[Round "2"]
[White "Sermek, Drazen"]
[Black "Robatsch, Karl"]
[Result "1/2-1/2"]
[WhiteElo "2515"]
[BlackElo "2410"]

1.e4 c5 2.c3 Nf6 3.e5 Nd5 4.d4 cxd4 5.Nf3 e6 6.cxd4 d6 7.Bc4 Nc6 8.O-O Nb6
9.Bd3 Nb4 10.Be2 dxe5 11.Nxe5 Nc6 12.Nxc6 bxc6 13.Bf3 Nd5 14.Qc2 Bd7 15.Nc3 Be7
16.Na4 O-O 17.Bd2 Qb8 18.a3 a5 19.Rfd1 Qb7 20.Rac1 Rfb8 21.Be1 Qb3 22.Rd3 Qxc2
23.Rxc2 Rb5 24.Nc3 Rb7 25.Na4 Rb5 26.g3 Kf8 27.Rd1 g6 28.h4 h5 29.Bd2 Ke8
30.Bg5 Bf8 31.Re1 Rab8 32.Kg2 Bd6 33.Bd2 Ra8 34.Kf1 Be7 35.Bg5 Bf8 36.Bxd5 cxd5
37.Nc3 Rc8 38.Ree2 Rbb8 39.Nxd5 Bb5 40.Nf6+ Kd8 41.Nd5+ f6 42.Bxf6+ Kd7 43.Nc3  1/2-1/2

[Event "Mitropa Cup"]
[Site "?"]
[Date "1995.??.??"]
[Round "2"]
[White "Loncar, Robert"]
[Black "Costa, Jean Luc"]
[Result "1-0"]
[WhiteElo "2385"]
[BlackElo "2425"]

1.e4 c5 2.c3 Nf6 3.e5 Nd5 4.g3 Nc6 5.Bg2 e6 6.Nf3 Qc7 7.Qe2 Be7 8.O-O O-O
9.Na3 a6 10.Nc2 b5 11.d4 cxd4 12.Ncxd4 Bb7 13.Bd2 Rac8 14.Rac1 Nxd4 15.cxd4 Qb6
16.Qd3 h6 17.h4 f5 18.exf6 Rxc1 19.Bxc1 Bxf6 20.Bd2 Ne7 21.Bb4 d6 22.Re1 Bxf3
23.Bxf3 a5 24.Bd2 Qxd4 25.Qe2 Be5 26.Bc3 Qc5 27.Bxe5 dxe5 28.Bg4 Rf6 29.Qd2 Qd5
30.Qxa5 Nc6 31.Qa8+ Rf8 32.Qb7 Kh8 33.b3 Qc5 34.Re2 Nd4 35.Qe4 Qc1+ 36.Re1 Qb2
37.Rf1 b4 38.Kg2 Qxa2 39.Qxe5 Qd2 40.Qd6 Rf6 41.Qb6 Nxb3 42.Rd1 Qc2 43.Rd8+ Kh7
44.Bd1 Qc3 45.h5 Qc5 46.Qxc5 Nxc5 47.Bc2+ g6 48.Rc8 Na6 49.Rc6 Nb8 50.Rb6 Rf8
51.Rxe6 Rc8 52.Bxg6+ Kg7 53.Rb6 Nc6 54.Be4 Ne5 55.Rxb4 Rc4 56.Rb7+ Kf6 57.Rb6+ Kg5
58.Bh7 Rc7 59.f4+ Kxh5 60.Bf5  1-0

[Event "Mitropa Cup"]
[Site "?"]
[Date "1995.??.??"]
[Round "8"]
[White "Polak, Tomas"]
[Black "Wittmann, Walter"]
[Result "1/2-1/2"]
[WhiteElo "2420"]
[BlackElo "2405"]

1.e4 c5 2.c3 Nf6 3.e5 Nd5 4.Nf3 e6 5.Bc4 d6 6.d4 cxd4 7.cxd4 Nc6 8.O-O Nb6
9.Bd3 Nb4 10.Be2 dxe5 11.Nxe5 Bd7 12.Bh5 g6 13.Bf3 Nc6 14.Nc3 Bg7 15.Bf4 O-O
16.Qd2 Nxe5 17.dxe5 Bc6 18.Qe2  1/2-1/2

[Event "Mlada Boleslav op"]
[Site "?"]
[Date "1995.??.??"]
[Round "?"]
[White "Jacek, Miloslav"]
[Black "Vaulin, Alexander"]
[Result "0-1"]
[WhiteElo "2190"]
[BlackElo "2490"]

1.e4 c5 2.c3 Nf6 3.e5 Nd5 4.d4 cxd4 5.Nf3 e6 6.cxd4 d6 7.a3 Bd7 8.Bd3 Bc6
9.O-O Nd7 10.Re1 Rc8 11.Qe2 Be7 12.Bd2 O-O 13.Nc3 Nxc3 14.Bxc3 Bd5 15.Rac1 g6
16.h3 Qb6 17.exd6 Bxd6 18.Ne5 Nxe5 19.dxe5 Bc5 20.Qd2 Rfd8 21.Qe2 Bc6 22.Red1 Ba4
23.Rf1 Bb3 24.Kh2 Bd5 25.f3 a5 26.Rfd1 a4 27.Qe1 Bf2 28.Qe2 Be3 29.Ra1 h5
30.Bd2 Bd4 31.Bg5 Qxb2 32.Qxb2 Bxb2 33.Rab1 Bxe5+ 34.f4 Bd6 35.Bxd8 Rxd8
36.g3 h4 37.Bb5 hxg3+ 38.Kxg3 g5 39.Bxa4 gxf4+ 40.Kf2 Bc5+ 41.Kf1 Ra8 42.Bb3 Bf3
43.Rdc1 Be3 44.Rc3 Rxa3 45.Rc8+ Kg7 46.Bd1 Bh1  0-1

[Event "Mlada Boleslav op"]
[Site "?"]
[Date "1995.??.??"]
[Round "?"]
[White "Hollmann, Zdenek"]
[Black "Trichkov, Vasil"]
[Result "0-1"]
[WhiteElo "2020"]
[BlackElo "2420"]

1.e4 c5 2.c3 Nf6 3.e5 Nd5 4.d4 cxd4 5.Qxd4 e6 6.Bc4 Nc6 7.Qe4 Nb6 8.Bb3 d5
9.exd6 Bxd6 10.Nf3 Nd7 11.O-O Nc5 12.Qg4 g6 13.Nd4 Nxd4 14.Qxd4 e5 15.Re1 O-O
16.Qe3 Nxb3 17.axb3 b6 18.c4 Bb7 19.Nc3 Qd7 20.Rd1 Qg4 21.Qg3 Qe6 22.Bh6 Rfd8
23.h3 a5 24.Be3 Bb4 25.Qh4 Be7 26.Qg3 Rab8 27.h4 h5 28.f4 exf4 29.Qxf4 Bd6
30.Qg5 Be7 31.Qf4 Bxh4 32.Nd5 Bxd5 33.cxd5 Qg4 34.Qh6 Qe4 35.Rd4 Qe7 36.d6 Qf6
37.Rf4 Qg5 38.Rxh4 Qxh4 39.Rd1 Qg4 40.Rd4 Qe6 41.Qf4 Rd7 42.Bf2 Rbd8 43.Bh4 Re8
44.Bf2 Qe5 45.Qxe5 Rxe5 46.Kf1 Re6 47.Bg3 f5 48.Rd5 Re4 49.Kf2 Kf7 50.Kf3 Ke6
51.Rd3 g5  0-1

[Event "Mlada Boleslav op"]
[Site "?"]
[Date "1995.??.??"]
[Round "?"]
[White "Praznik, Niko"]
[Black "Vaulin, Alexander"]
[Result "0-1"]
[WhiteElo "2130"]
[BlackElo "2490"]

1.e4 c5 2.c3 Nf6 3.e5 Nd5 4.d4 cxd4 5.Nf3 e6 6.cxd4 d6 7.a3 Bd7 8.Bd3 Bc6
9.O-O Nd7 10.Re1 Rc8 11.Qe2 Be7 12.Bd2 O-O 13.Nc3 Nxc3 14.Bxc3 Bd5 15.Rac1 Qb6
16.b4 Qd8 17.Nd2 Bg5 18.Rf1 Qb6 19.f4 Rxc3 20.Rxc3 Qxd4+ 21.Kh1 Qxc3 22.fxg5 Nxe5
23.Be4 Qxa3 24.Bxd5 exd5 25.Qb5 Qd3  0-1

[Event "Montreal op"]
[Site "Montreal"]
[Date "1995.??.??"]
[Round "1"]
[White "O'Donnell, Tom"]
[Black "Mikanovic, Goran"]
[Result "0-1"]
[WhiteElo "2360"]
[BlackElo "2275"]

1.e4 c5 2.c3 Nf6 3.e5 Nd5 4.d4 cxd4 5.Nf3 e6 6.cxd4 b6 7.Nc3 Nxc3 8.bxc3 Qc7
9.Be2 Qxc3+ 10.Bd2 Qa3 11.Rc1 Ba6 12.O-O Nc6 13.Re1 Be7 14.Bxa6 Qxa6 15.d5 exd5
16.Bc3 Qxa2 17.e6 fxe6 18.Bxg7 Rg8 19.Bd4 Rg6 20.h4 Rg4 21.Ne5 Nxe5 22.Rxe5 Rxh4
23.Rh5 Re4 24.Rxh7 Qe2 25.Qa4 Rf4 26.Rc7 Rd8 27.Rxe7+ Kxe7 28.Bc5+ bxc5 29.Qxf4 Qd1+
30.Kh2 Qh5+ 31.Kg1 Qd1+ 32.Kh2 Rh8+ 33.Kg3 Rg8+ 34.Kh2 Qh5+ 35.Kg1 Qd1+ 36.Kh2 Qh5+
37.Kg1 Qg5 38.Qxg5+ Rxg5 39.Rxc5 Rg8 40.Ra5 Ra8 41.Ra6 Kd8 42.f4 Kc7 43.Kf2 Kb7
44.Rd6 a5 45.Rxd7+ Kc6 46.Re7 Kd6 47.Rb7 a4 48.g4 a3 49.Rb1 a2 50.Ra1 Kc5
51.Ke3 Kc4 52.f5 exf5 53.gxf5 Kc3  0-1

[Event "Moscow3"]
[Site "Moscow"]
[Date "1995.??.??"]
[Round "?"]
[White "Smagin, Sergey"]
[Black "Baikov, Vladimir A"]
[Result "0-1"]
[WhiteElo "2540"]
[BlackElo "2345"]

1.e4 c5 2.c3 Nf6 3.e5 Nd5 4.Nf3 Nc6 5.d4 cxd4 6.Bc4 Nb6 7.Bb3 d6 8.exd6 Qxd6
9.O-O Be6 10.Na3 dxc3 11.Qe2 Bxb3 12.Nb5 Qb8 13.axb3 e5 14.bxc3 Be7 15.Bg5 Bxg5
16.Nxg5 h6 17.Ne4 O-O 18.Rfd1 Rd8 19.Nbd6 Qc7 20.Qh5 Qe7 21.Rd3 Qe6 22.Rad1 Ne7
23.Nc5 Qg6 24.Qxe5 Nd7 25.Nxd7 Rxd7 26.h4 Nc6 27.Qe2 Rad8 28.h5 Qe6 29.Qxe6 fxe6
30.R3d2 Kf8 31.Kf1 Ke7 32.Ne4 Rxd2 33.Rxd2 Rd5 34.b4 Rxh5 35.Nd6 Rd5 36.Rxd5 exd5
37.Nxb7 d4 38.cxd4 Nxd4 39.Nc5 Kd6 40.f4 Kd5 41.g4 Nc2 42.Na6 Ne3+ 43.Ke2 Nxg4
44.Kd3 Kc6 45.Nc5 Kb5 46.Ne6 Kxb4 47.Nxg7 a5 48.Nf5 a4 49.Nd4 h5 50.Nf3 a3
51.Kc2 Ne3+ 52.Kb1 h4 53.Ka2 h3 54.Nh2 Ka4 55.Nf3 Nd5  0-1

[Event "Moscow-ch op"]
[Site "Moscow"]
[Date "1995.??.??"]
[Round "1"]
[White "Karpatchev, Aleksandr"]
[Black "Sazonov, Anatolij"]
[Result "1-0"]
[WhiteElo "2415"]
[BlackElo "2220"]

1.e4 c5 2.c3 Nf6 3.e5 Nd5 4.Nf3 e6 5.Bc4 Nc7 6.d4 cxd4 7.cxd4 b5 8.Bd3 Bb7
9.Nc3 a6 10.Ne4 h6 11.O-O Nd5 12.Be3 Nc6 13.Rc1 Be7 14.Nc5 Bxc5 15.Rxc5 Rc8
16.Nd2 O-O 17.Qg4 Nxe3 18.fxe3 Nb4 19.Rxc8 Qxc8 20.Bb1 Nd5 21.Qe4 g6 22.Qd3 Ne7
23.e4 Kg7 24.Qf3 Ng8 25.Qg3 Qa8 26.h4 Qd8 27.Nb3 Bc6 28.Nc5 a5 29.a3 Qe7
30.Nd3 b4 31.axb4 axb4 32.Nf4 Rc8 33.Bd3 Ba4 34.d5 Bc2 35.d6 Qd8 36.Nh5+ Kh7
37.Rxf7+  1-0

[Event "Moscow op"]
[Site "Moscow"]
[Date "1995.??.??"]
[Round "1"]
[White "Daniliuk, Sergey"]
[Black "Savitskaya, Ekaterina P"]
[Result "1-0"]
[WhiteElo "2445"]
[BlackElo "2155"]

1.e4 c5 2.c3 Nf6 3.e5 Nd5 4.d4 cxd4 5.Nf3 Nc6 6.cxd4 e6 7.a3 d6 8.Bd3 Be7
9.O-O O-O 10.Qc2 h6 11.Qe2 dxe5 12.dxe5 f5 13.exf6 Nxf6 14.Nc3 Qc7 15.Bc4 Kh8
16.Bxe6 Bxe6 17.Qxe6 Rae8 18.Nh4 Nd7 19.Ng6+ Kh7 20.Qe4 Kg8 21.Nxf8 Rxf8
22.Nd5 Qe5 23.Nxe7+ Nxe7 24.Re1 Qxe4 25.Rxe4 Nc6 26.Be3 Nf6 27.Ra4 a6 28.Rd1 Re8
29.h3 Kf7 30.Rc4 Re7 31.Rd6 Ne4 32.Rcxc6 bxc6 33.Rxc6 a5 34.Ra6 Re5 35.Ra7+ Kf8
36.Rxg7  1-0

[Event "Moscow op"]
[Site "Moscow"]
[Date "1995.??.??"]
[Round "3"]
[White "Daniliuk, Sergey"]
[Black "Nadyrhanov, S."]
[Result "1/2-1/2"]
[WhiteElo "2445"]
[BlackElo "2470"]

1.e4 c5 2.c3 Nf6 3.e5 Nd5 4.Nf3 Nc6 5.Bc4 Nb6 6.Be2 d6 7.exd6 Qxd6 8.O-O Bf5
9.Na3 a6 10.d4 cxd4 11.Nxd4 Nxd4 12.cxd4 Be6 13.b3 Rc8 14.Bb2 Nd5 15.Rc1 Rxc1
16.Qxc1 g6 17.Qc5 Bh6 18.Nc4 Qd8 19.Bf3 O-O 20.Ba3 b6 21.Qc6 b5 22.Ne5 b4
23.Bb2 Qa5 24.Nd7 Bxd7 25.Qxd7 e6 26.Ra1 Bg7 27.Bxd5 Rd8 28.Qc6 Rxd5 29.Qe8+ Bf8
30.Rc1 Rd8 31.Qa4 Qxa4 32.bxa4 Rd5 33.g3 Ra5 34.Rc8 f6 35.a3 Rxa4 36.axb4 Kf7
37.Rc7+ Be7 38.Bc3 Ke8 39.Rb7 Ra3 40.Be1 Rb3 41.Rb6 Kd7  1/2-1/2

[Event "Moscow5"]
[Site "Moscow"]
[Date "1995.??.??"]
[Round "5"]
[White "Ivanov, VI."]
[Black "Ivanov, Mikhail M"]
[Result "1/2-1/2"]
[WhiteElo "2460"]
[BlackElo "2445"]

1.e4 c5 2.c3 Nf6 3.e5 Nd5 4.d4 cxd4 5.Nf3 Nc6 6.cxd4 d6 7.Bc4 Nb6 8.Bb3 dxe5
9.d5 Nb4 10.Nc3 e6 11.Bg5 Be7 12.dxe6 Bxe6 13.Bxe6 fxe6 14.Bxe7 Qxd1+ 15.Rxd1 Kxe7
16.Nxe5 Rhd8 17.Ke2 N6d5 18.Nxd5+ Rxd5 19.Rxd5 exd5 20.Nd3  1/2-1/2

[Event "Moscow-ch op"]
[Site "Moscow"]
[Date "1995.??.??"]
[Round "5"]
[White "Izmukhambetov, Salauat"]
[Black "Losev, Dmitry"]
[Result "0-1"]
[WhiteElo "2435"]
[BlackElo "2315"]

1.e4 c5 2.c3 Nf6 3.e5 Nd5 4.d4 cxd4 5.Nf3 e6 6.cxd4 b6 7.Nc3 Bb7 8.Bd3 Be7
9.h4 h6 10.h5 d6 11.O-O Nd7 12.Ne4 dxe5 13.Nxe5 O-O 14.a3 f5 15.Nxd7 Qxd7
16.Ng3 Bd6 17.Re1 Rae8 18.Bd2 Nf6 19.Nf1 Qc6 20.Ne3 Ng4 21.Qe2 Nxe3 22.fxe3 Bb8
23.Rf1 Qd6 24.Rf4 Qd8 25.Bb5 Bxf4 26.exf4 Qxd4+ 27.Be3 Qe4 28.Bxe8 Rxe8 29.Rc1 Rc8
30.Rxc8+ Bxc8 31.Qd2 Bb7 32.Bd4 Qd5 33.Qf2 Bc6 34.Kh2 Be8 35.Bc3 Bxh5 36.Qg3 Bg4
37.Qh4 Qd7 38.Qe1 Bh5 39.Qe5 Be8 40.a4 Qf7 41.a5 bxa5 42.Bxa5 Bc6 43.Qd6 Bd5
44.Qe5 Qg6 45.Qe2 Qe8 46.Qf2 e5 47.Bc3 exf4 48.Qxf4 Qg6 49.Qd2 Be4 50.Be5 a6
51.Qe2 Kh7 52.Qd2 Qg4 53.Bg3 Bc6 54.Qc2 Be4 55.Qd2 Qh5+ 56.Kg1 Qg6 57.Kh2 Qe6
58.Qf2 Bc6 59.Qd2 Qe4 60.Bd6 g5 61.Bf8 f4 62.Bd6 Kg6 63.Bb8 Bd5 64.Bc7 h5
65.Bb8 h4 66.Bc7 Kf5 67.Bd8 Bc6 68.b4 Bd5 69.Qb2 Kg4 70.Qd2 h3 71.Qd1+ Kf5
72.Qf3 Qxf3 73.gxf3 Bxf3 74.Kxh3 Bc6 75.Bc7 Bd7 76.Kg2 g4 77.Bb8 Bc6+  0-1

[Event "Moscow op2"]
[Site "Moscow"]
[Date "1995.??.??"]
[Round "5"]
[White "Zakharov, Alexander V"]
[Black "Vaulin, Alexander"]
[Result "1/2-1/2"]
[WhiteElo "2350"]
[BlackElo "2490"]

1.e4 c5 2.c3 Nf6 3.e5 Nd5 4.d4 cxd4 5.Nf3 Nc6 6.Bc4 Nb6 7.Bb3 g6 8.cxd4 Bg7
9.O-O O-O 10.h3 d6 11.Qe2 dxe5 12.dxe5 Be6 13.Rd1 Qc8 14.Bf4 Bxb3 15.axb3 Qe6
16.Nbd2 Rad8 17.Nc4 Nd5 18.Bg3 a6 19.Re1 Ndb4 20.Qe4 Nd3 21.Re2 h6 22.Kh2 b5
23.Ncd2 Ncb4 24.Ne1 Nxe1 25.Raxe1 Nd3 26.Ra1 Nxe5 27.Bxe5 Qxe5+ 28.Qxe5 Bxe5+
29.Rxe5 Rxd2 30.Rxe7 Rxf2 31.Kg1 Rxb2 32.Rxa6 Rxb3 33.Rb6 Rb1+ 34.Kh2 Rf1
35.Reb7 Kg7 36.Rxb5 Rd8 37.Rb1 Rxb1 38.Rxb1 g5 39.Rb4 Kg6 40.h4 Kh5 41.Kh3 Rd3+
42.g3 f5 43.hxg5 hxg5 44.Kg2 Re3 45.Kf2 Re4 46.Rb2 Kg4 47.Kg2 Ra4 48.Rc2 Ra3
49.Rc4+ f4 50.gxf4 gxf4 51.Rc2 Rg3+ 52.Kf2 Rh3 53.Rc8 Rh2+ 54.Kg1 Re2 55.Rc3 Re3
56.Rc2 Kf3 57.Rf2+ Ke4 58.Ra2 Kf3 59.Rf2+ Kg4 60.Ra2 Rh3 61.Rb2 Kg3 62.Rb8 Rh5
63.Rg8+ Kf3  1/2-1/2

[Event "Moscow op2"]
[Site "Moscow"]
[Date "1995.??.??"]
[Round "5"]
[White "Cherniaev, Alexander"]
[Black "Losev, Dmitry"]
[Result "1/2-1/2"]
[WhiteElo "2450"]
[BlackElo "2315"]

1.e4 c5 2.c3 Nf6 3.e5 Nd5 4.Nf3 b6 5.Bc4 Bb7 6.O-O e6 7.d4 cxd4 8.cxd4 Be7
9.Re1 O-O 10.a3 d6 11.Bd3 Nd7 12.Qe2 dxe5 13.Nxe5 Rc8 14.Bd2 Rc7 15.Qg4 Bf6
16.Nc3 Nxc3 17.Bxc3 g6 18.Bb5 Nb8 19.Re3 Nc6 20.Bf1  1/2-1/2

[Event "Moscow op2"]
[Site "Moscow"]
[Date "1995.??.??"]
[Round "6"]
[White "Ivanov, Victor L"]
[Black "Kravtsov, Sergey"]
[Result "1/2-1/2"]
[WhiteElo "2450"]
[BlackElo "2265"]

1.e4 c5 2.c3 Nf6 3.e5 Nd5 4.d4 cxd4 5.Nf3 Nc6 6.cxd4 d6 7.Bc4 Nb6 8.Bb3 e6
9.Bg5 Be7 10.Bxe7 Nxe7 11.Qe2 dxe5 12.dxe5 Bd7 13.Nc3 Bc6 14.Rd1 Nbd5 15.Nxd5 Nxd5
16.O-O O-O 17.Rd4 Qb6 18.Bc2 Bb5 19.Bd3 Bxd3 20.Qxd3  1/2-1/2

[Event "Moscow Petrosian"]
[Site "Moscow"]
[Date "1995.??.??"]
[Round "7"]
[White "Ivanov, Victor L"]
[Black "Saltaev, Mihail"]
[Result "0-1"]
[WhiteElo "2460"]
[BlackElo "2495"]

1.e4 c5 2.c3 Nf6 3.e5 Nd5 4.d4 cxd4 5.Nf3 e6 6.cxd4 d6 7.Bc4 Nc6 8.O-O Be7
9.Qe2 O-O 10.Nc3 Nxc3 11.bxc3 dxe5 12.dxe5 Qa5 13.Rb1 Rd8 14.Qe4 Qxc3 15.Bg5 Bxg5
16.Nxg5 h6 17.Qh7+ Kf8 18.Bxe6 hxg5 19.Bxc8 Raxc8 20.Qh8+ Ke7 21.Qxg7 Nxe5
22.Qxg5+ Kf8 23.Rb3 Qd4 24.Qh6+ Ke7 25.Re3 Rc5 26.Rfe1 Kd7 27.Re4 Qc3 28.R4e3 Qa5
29.h3 Kc8 30.Qf6 Nc4 31.Re8 Nd6 32.Rxd8+ Qxd8 33.Qd4 b6 34.h4 Nf5 35.Qe4 Qd5
36.Qa4 Kb7 37.Rd1 Qe5 38.h5 Rd5 39.Rc1 Nd4 40.Qc4 Ne2+  0-1

[Event "Moscow-ch op"]
[Site "Moscow"]
[Date "1995.??.??"]
[Round "7"]
[White "Ivanov, Victor L"]
[Black "Losev, Dmitry"]
[Result "1-0"]
[WhiteElo "2450"]
[BlackElo "2315"]

1.e4 c5 2.c3 Nf6 3.e5 Nd5 4.d4 cxd4 5.Nf3 e6 6.cxd4 b6 7.Nc3 Bb7 8.Bd3 Be7
9.O-O O-O 10.Qe2 Nxc3 11.bxc3 d6 12.exd6 Qxd6 13.a4 Qc7 14.Ng5 Bxg5 15.Bxg5 Qxc3
16.Rac1 Qxd4 17.Rfd1 Qxa4 18.Rc4 Qa5 19.Qh5 h6 20.Rg4 Rd8 21.Bf6  1-0

[Event "Moscow6"]
[Site "Moscow"]
[Date "1995.??.??"]
[Round "8"]
[White "Barskij, Vladimir"]
[Black "Fedorchuk, Sergey A"]
[Result "1-0"]
[WhiteElo "2355"]
[BlackElo "2365"]

1.e4 c5 2.c3 Nf6 3.e5 Nd5 4.Nf3 Nc6 5.Bc4 Nb6 6.Bb3 d5 7.exd6 Qxd6 8.Na3 a6
9.O-O g6 10.d4 cxd4 11.Ng5 Be6 12.Bxe6 fxe6 13.Qf3 Nd8 14.cxd4 Qxd4 15.Be3 Qf6
16.Bxb6 Qxg5 17.Qc3 Rg8 18.Qc7 Bg7 19.Nc4 Rf8 20.f4 Qh4 21.Rad1 Kf7 22.Bf2 Qh5
23.Nb6 Nc6 24.Nxa8  1-0

[Event "Moscow op2"]
[Site "Moscow"]
[Date "1995.??.??"]
[Round "9"]
[White "Zakharov, Alexander V"]
[Black "Korneev, Dm V"]
[Result "1-0"]
[WhiteElo "2375"]
[BlackElo "2210"]

1.e4 c5 2.c3 Nf6 3.e5 Nd5 4.d4 cxd4 5.Nf3 e6 6.cxd4 d6 7.Bc4 Nc6 8.O-O Be7
9.Qe2 b6 10.Nc3 Nxc3 11.bxc3 Bb7 12.d5 exd5 13.Bxd5 O-O 14.Qe4 Rc8 15.Nd4 Qc7
16.Nb5 Qb8 17.Ba3 dxe5 18.Bxe7 Nxe7 19.Bxb7 f5 20.Qb4 Qxb7 21.Nd6 Qc7 22.Qb3+ Kh8
23.Nxc8 Rxc8 24.Qe6 Ng6 25.Qxf5 Qxc3 26.Rad1 Rf8 27.Qd3 Qc6 28.Qd5 Qa4 29.Rfe1 b5
30.Rd2 Qb4 31.g3 a5 32.Ree2 Qg4 33.Qd7 Qc4 34.Rc2 Qa4 35.Rb2 Qc4 36.Qxb5 Qc1+
37.Kg2 h5 38.h4 Kh7 39.Qd3 Qc8 40.Rxe5 Qg4 41.Rg5  1-0

[Event "Mravinci-A"]
[Site "Mravinci"]
[Date "1995.??.??"]
[Round "?"]
[White "Stevic, Hrvoje"]
[Black "Grosar, Aljosa"]
[Result "1-0"]
[WhiteElo "2300"]
[BlackElo "2475"]

1.e4 c5 2.c3 Nf6 3.e5 Nd5 4.d4 cxd4 5.Nf3 e6 6.cxd4 b6 7.Nc3 Nxc3 8.bxc3 Qc7
9.Bd2 Bb7 10.Bd3 d6 11.O-O Nd7 12.Ng5 dxe5 13.Qh5 g6 14.Qh3 Be7 15.Rfe1 Rf8
16.Qxh7 O-O-O 17.Nxf7 Nf6 18.Qh3 Rxf7 19.Qxe6+ Kb8 20.Qxf7 Bd5 21.Qg7 e4
22.Bf4 Qxf4 23.Qxe7 Re8 24.g3 Qf5 25.Qd6+ Kb7 26.c4 Bc6 27.d5 Bd7 28.Bf1 g5
29.Bg2 Ng4 30.Re2 Nxh2 31.Kxh2 Rh8+ 32.Kg1 Qh7 33.Rxe4  1-0

[Event "Nikolaev zt"]
[Site "Nikolaev"]
[Date "1995.??.??"]
[Round "4"]
[White "Zulfugarli, Magomed"]
[Black "Milov, Leonid"]
[Result "1/2-1/2"]
[WhiteElo "2400"]
[BlackElo "2525"]

1.e4 c5 2.c3 Nf6 3.e5 Nd5 4.d4 cxd4 5.Nf3 d6 6.Qxd4 e6 7.Bb5+ Bd7 8.Bxd7+ Qxd7
9.O-O Nc6 10.Qe4 dxe5 11.Nxe5 Nxe5 12.Qxe5 Nf6 13.Bg5 Be7 14.Nd2 O-O 15.Nf3 Rfd8
16.Qe2  1/2-1/2

[Event "JUG-chT"]
[Site "Nis"]
[Date "1995.??.??"]
[Round "?"]
[White "Savic, Goran"]
[Black "Ilincic, Zlatko"]
[Result "0-1"]
[WhiteElo "2135"]
[BlackElo "2565"]

1.e4 c5 2.c3 Nf6 3.e5 Nd5 4.d4 cxd4 5.Nf3 Nc6 6.Bc4 Nb6 7.Bb3 d6 8.e6 Bxe6
9.Bxe6 fxe6 10.Ng5 Qc8 11.cxd4 Nxd4 12.Nc3 e5 13.Be3 Qf5 14.Rc1 e6 15.h4 h6
16.Nge4 d5 17.Ng3 Qf6 18.Rh3 g6 19.f4 Nc6 20.fxe5 Qxe5 21.Nge2 Bg7 22.Bf4 Qf6
23.Bd6 O-O-O 24.Bc5 Kb8 25.Bxb6 axb6 26.Qb3 d4 27.Ne4 Qe5 28.Rxc6 Qa5+ 29.Kd1 bxc6
30.Qxe6 d3 31.N2c3 Bxc3 32.Nxc3 Qc5 33.Re3 Rhf8 34.Re1 d2 35.Rh1 Rfe8 36.Qxg6 Re3
37.Qf6 Qh5+ 38.Kc2 Rxc3+ 39.bxc3 d1=Q+ 40.Rxd1 Qxd1+ 41.Kb2 Rd2+  0-1

[Event "NLD-chT9596"]
[Site "?"]
[Date "1995.??.??"]
[Round "?"]
[White "Lemmers, Oscar"]
[Black "Van der Vorm, Teun"]
[Result "1-0"]
[WhiteElo "2365"]
[BlackElo "2405"]

1.e4 c5 2.c3 Nf6 3.e5 Nd5 4.d4 cxd4 5.Nf3 Nc6 6.Bc4 Nb6 7.Bb3 d5 8.exd6 Qxd6
9.O-O Be6 10.Na3 Bxb3 11.Qxb3 e6 12.Nb5 Qd8 13.Rd1 Bc5 14.Nbxd4 Nxd4 15.Nxd4 Qc8
16.Qb5+ Nd7 17.Nf3 Qc6 18.Qd3 O-O-O 19.Be3 Nb6 20.Nd4 Bxd4 21.Bxd4 Rd7 22.Qe2 Rhd8
23.Re1 g6 24.h3 Rd5 25.Qe4 h5 26.a4 a6 27.b3 Nd7 28.c4 Rg5 29.b4 Qxe4 30.Rxe4 e5
31.Be3 Rf5 32.Rd1 Nf6 33.Rxd8+ Kxd8 34.Bb6+ Ke8 35.Re2 Nd7 36.Be3 Rf6 37.b5 Re6
38.c5 Nf6 39.c6 axb5 40.cxb7 Nd7 41.a5  1-0

[Event "NLD-chT9596"]
[Site "?"]
[Date "1995.??.??"]
[Round "?"]
[White "Zagema, Wieb"]
[Black "Van der Vliet, Fred"]
[Result "1/2-1/2"]
[WhiteElo "2400"]
[BlackElo "2330"]

1.e4 c5 2.c3 Nf6 3.e5 Nd5 4.Nf3 Nc6 5.b4 cxb4 6.c4 Nc7 7.d4 d5 8.exd6 exd6
9.d5 Ne5 10.Be2 Be7 11.Nd4 O-O 12.O-O Na6 13.a3 bxa3 14.Rxa3 Bd7 15.f4 Ng6
16.Kh1 Re8 17.Bd3 Nc5 18.Bc2 Bf6 19.Nc3 a6 20.Nce2 b5 21.cxb5 axb5 22.f5 Nf8
23.Rxa8 Qxa8 24.Nf4 Qa1 25.Nf3 b4 26.Nh5 Bb5 27.Nxf6+ Qxf6 28.Bg5 Qc3 29.Bd2 Qc4
30.Rf2 b3 31.Bb1 Nd3 32.Bxd3 Qxd3 33.Qc1 Qxf5 34.Bc3 Qxd5 35.Nd4 Bd3 36.h3 Ng6
37.Qd1 Ne5 38.Nxb3 Be4 39.Nd4 Rb8 40.Qd2 h6 41.Rf1 Rc8 42.Rg1 Rc4 43.Qe3 Nd3
44.Ba1 Ra4 45.Bc3 Ra3 46.Ne2 Ra2 47.Kh2 Ne5 48.Nf4 Qc4 49.Rc1 Qa4 50.Qb6 Bxg2
51.Bxe5 Be4+ 52.Bb2 Qa3 53.Rc2 Qf3 54.Rf2 Qh1+ 55.Kg3 Kh7 56.Qd4 f6 57.Ng2 d5
58.Qd2 Qb1 59.Kh2 Ra4 60.Qc3 Rc4 61.Qe3 Rb4 62.Qa3 Rb7 63.Bd4 Rb3 64.Qc5  1/2-1/2

[Event "NLD-chT9596"]
[Site "?"]
[Date "1995.??.??"]
[Round "?"]
[White "Beulen, Marcel"]
[Black "Van der Vliet, Fred"]
[Result "1-0"]
[WhiteElo "2325"]
[BlackElo "2330"]

1.e4 c5 2.c3 Nf6 3.e5 Nd5 4.d4 cxd4 5.Nf3 Nc6 6.Bc4 Nb6 7.Bb3 d6 8.exd6 Qxd6
9.Na3 dxc3 10.Qxd6 exd6 11.Nb5 Rb8 12.Ng5 Ne5 13.O-O Bd7 14.Nxc3 Be7 15.Nge4 O-O
16.Be3 Be6 17.Rfd1 Rfd8 18.Bxb6 axb6 19.Nd5 Bxd5 20.Rxd5 Rbc8 21.Rad1 Nc4
22.g3 Nxb2 23.R1d4 g6 24.Rb4 Rc6 25.Kg2 Rdc8 26.Rbd4 Nc4 27.Ba4 R6c7 28.Bb3 Kg7
29.g4 Ne5 30.Nxd6 Bxd6 31.Rxd6 Rc6 32.h3 R8c7 33.f4 Rxd6 34.Rxd6 Nc4 35.Rd4 Na5
36.Bd5 Rc2+ 37.Kf3 Nc6 38.Re4 Rc3+ 39.Kg2 Rd3 40.Bc4 Rd4 41.Kf3 Rd7 42.Bb3 Rd3+
43.Re3 Rd2 44.Rc3 Kf8 45.Ke3 Rd6 46.Rd3 Rxd3+ 47.Kxd3 b5 48.Ke4 Na5 49.Kd5  1-0

[Event "Novgorod op"]
[Site "Novgorod"]
[Date "1995.??.??"]
[Round "6"]
[White "Smagin, Sergey"]
[Black "Dvoirys, Semen I"]
[Result "1/2-1/2"]
[WhiteElo "2540"]
[BlackElo "2550"]

1.e4 c5 2.c3 Nf6 3.e5 Nd5 4.d4 cxd4 5.Nf3 Nc6 6.Bc4 Nb6 7.Bb3 d5 8.exd6 Qxd6
9.O-O Be6 10.Na3 dxc3 11.Qe2 Bxb3 12.Nb5 Qb8 13.axb3 e5 14.bxc3 Be7 15.Bg5 f6
16.Be3 O-O 17.Nxa7 Rxa7 18.Bxb6 Rxa1 19.Rxa1 f5 20.b4 e4 21.b5 exf3 22.Qe6+ Rf7
23.bxc6 bxc6 24.Qxc6 Bf8 25.Qe6 Qd6 26.Qxd6 Bxd6 27.c4 Rb7 28.c5 Bc7 29.Ra6 fxg2
30.Kxg2 Kf7 31.h3 Ke7 32.Kf3 Bxb6 33.cxb6 Ke6 34.Kf4 h6 35.h4 g6 36.Ke3 g5
37.hxg5 hxg5 38.Kd4 Kd6 39.Kc4 Kc6 40.Ra5 Rxb6 41.Rxf5 Rb2 42.Kd4 Kd6 43.Ke3 Rb3+
44.Ke4 Rb4+ 45.Kf3 Ke6 46.Rxg5 Kf6 47.Rd5 Ra4 48.Kg3 Ra1 49.Rd8 Ra4 50.Rf8+ Kg6
51.Rf4 Ra5 52.Rb4 Kf5 53.Rh4 Ra3+ 54.f3 Rb3 55.Rh5+ Kg6 56.Re5 Kf6 57.Rd5 Rb4
58.Rh5 Ra4  1/2-1/2

[Event "Novgorod op"]
[Site "Novgorod"]
[Date "1995.??.??"]
[Round "8"]
[White "Smagin, Sergey"]
[Black "Bologan, Viktor"]
[Result "0-1"]
[WhiteElo "2540"]
[BlackElo "2540"]

1.e4 c5 2.c3 Nf6 3.e5 Nd5 4.d4 cxd4 5.Nf3 Nc6 6.Bc4 Nb6 7.Bb3 g6 8.cxd4 Bg7
9.Bf4 d6 10.exd6 O-O 11.h3 exd6 12.O-O Na5 13.Nc3 Nxb3 14.Qxb3 Bf5 15.Rfe1 Qd7
16.a4 Rac8 17.Nb5 Be6 18.Qd1 Nc4 19.Bc1 a6 20.Nc3 Qc7 21.Re2 Qa5 22.Qe1 h6
23.Rb1 Bf5 24.b4 Qd8 25.Rb3 Bd3 26.Ra2 Nb6 27.Raa3 Bf5 28.a5 Nc4 29.Ra2 Be6
30.d5 Bf5 31.Bf4 g5 32.Bg3 Re8 33.Ne2 Qf6 34.Qd1 Qg6 35.Ned4 Be4 36.Re2 Bxd5
37.Rc3 f5 38.Rxe8+ Rxe8 39.Nb5 Bxf3 40.Rxf3 axb5 41.Qd5+ Qe6 42.Rxf5 Qxd5
43.Rxd5 Be5 44.Rxb5 Bxg3 45.fxg3 Re7 46.h4 g4 47.Rd5 Rd7 48.Kf2 Kf7 49.Rh5 Kg6
50.Rd5 Kf6 51.Ke2 Ne5 52.Ke3 Ke6 53.Rb5 Rc7 54.Ke4 Nd7 55.Kd4 Nf6 56.Kd3 Nd7
57.Kd4 Ne5 58.Ke4 Rc4+ 59.Ke3 Nc6 60.Rxb7 Nxb4 61.a6 Nxa6 62.Rh7 Ke5 63.Rxh6 Rc3+
64.Kf2 Nc5 65.Kg1 Ne4 66.Kh2 Rc1 67.Rh5+ Kd4  0-1

[Event "CZE-ch"]
[Site "Olomouc"]
[Date "1995.??.??"]
[Round "?"]
[White "Majer, Jiri"]
[Black "Stocek, Jiri"]
[Result "0-1"]
[WhiteElo "2300"]
[BlackElo "2480"]

1.e4 c5 2.c3 Nf6 3.e5 Nd5 4.d4 cxd4 5.Nf3 Nc6 6.Bc4 Nb6 7.Bb3 d6 8.exd6 Qxd6
9.cxd4 Be6 10.O-O Bxb3 11.Qxb3 e6 12.Nc3 Be7 13.Be3 Qb4 14.Rfd1 Qxb3 15.axb3 Nd5
16.Nxd5 exd5 17.Ne5 Nb4 18.Rac1 f6 19.Nd3 Nxd3 20.Rxd3 Bd6 21.Ra1 a6 22.b4 Kf7
23.Bd2 Rac8 24.Rb3 Rc2 25.Be3 f5 26.g3 h6 27.b5 a5 28.Rxa5 g5 29.Ra1 f4 30.Rc1 Rc4
31.Bd2 Rxd4 32.Bc3 Rd3 33.Bxh8 Rxb3 34.Kg2 f3+ 35.Kh3 h5 36.g4 Rb4 37.Rg1 Re4
38.Bc3 Bc5 39.gxh5 Bxf2 40.Rg4 Be3  0-1